000 00435nam a2200169Ia 4500
003 0STCL
008 150530s9999 xx 000 0 und d
040 _aSTCL
_cSTCL
100 _aAbdul Assis Koroth
245 _aInformatics and Mathematical Softwares
260 _bCalicut university and Central Co operative Store;
_c0
_aCalicut
300 _a0
546 _aEnglish
942 _2ddc
_cBK
999 _c477
_d477
005 20220125160159.0